00479nam a2200133Ia 4500008004100000020001800041082002000059100001900079245013300098260002200231300001100253500006300264650001800327120622s9999 xx 000 0 und d a968-18-0899-1 a540 H758i 2002 aHolum, John R. aIntroducción a los principios de química / John R. Holum ; tr. Hortensia Corona Rodríguez ; rev. Jesús Guzmán García aMéxico : Limusa a286 p. aTítulo original: Introduction to principles of chemistry a1. QUIMICAÌ